Obyčejné diferenciální rovnice : Úvod do teorie obyčejných diferenciálních rovnic v reáném oboru /

Gespeichert in:
Bibliographische Detailangaben
1. Verfasser: Kurzweil, Jaroslav (Verfasst von)
Format: Buch
Sprache:Tschechisch
Veröffentlicht: Praha : SNTL, 1978
Ausgabe:1.vyd.
Tags: Tag hinzufügen
Keine Tags, Fügen Sie das erste Tag hinzu!

MARC

LEADER 00000nam a22000003a 4500
001 stu9765
005 20230512120611.2
008 970512s1978----cs------------------cze-d
040 |a STU  |b slo 
041 0 |a cze 
044 |a cs 
080 |a 517.9  |7 A000003291 
100 1 |a Kurzweil, Jaroslav  |4 aut 
245 1 |a Obyčejné diferenciální rovnice :  |b Úvod do teorie obyčejných diferenciálních rovnic v reáném oboru /  |c [aut.] Kurzweil,Jaroslav 
250 |a 1.vyd. 
260 |a Praha :  |b SNTL,  |c 1978 
300 |a 418 s 
996 |b E41236  |c E*41236  |l EE03  |s P  |a 0  |w stu9765_0001 
996 |b E41423  |c E*41423  |l EE03  |s P  |a 0  |w stu9765_0002 
996 |b E47770  |c E*47770  |l EE03  |s P  |a 0  |w stu9765_0004 
996 |b E56071  |c E*56071  |l EE15  |s P  |a 0  |w stu9765_0005 
996 |b 284EK90324  |c E* 90324  |l EE01  |s A  |a 24  |w stu9765_0006